Typing Test - Statistics

General Stats
  • This quiz has been taken 35 times
  • The average score is 7 of 9
Answer Stats
Sentence Typer % Correct
The fox ran after the rabbit. The fox ran after the rabbit.
100%
If any cop asks you where you were, just say you were visiting Kansas. If any cop asks you where you were, just say you were visiting Kansas.
95%
We should play with legos at camp. We should play with legos at camp.
95%
The golden retriever loved the fireworks each Fourth of July. The golden retriever loved the fireworks each Fourth of July.
91%
The tortoise jumped into the lake with dreams of becoming a sea turtle. The tortoise jumped into the lake with dreams of becoming a sea turtle.
86%
A glittering gem is not enough. A glittering gem is not enough.
82%
Twin 4-month-olds slept in the shade of the palm tree while the mother tanned in the sun. Twin 4-month-olds slept in the shade ofthe palm tree while the mother tanned in the sun.
73%
The beach was crowded with snow leopards. The beach was crowded with snow leopards.
64%
The father handed each child a road map at the beginning of the 2-day road trip and explained it was so they could find their way home. The father handed each child a road mapat the beginning of the 2-day road trip and explained it
was so they could find their way home.
59%
No matching quizzes found
Score Distribution
Percent of People with Each Score
Percentile by Number Answered
Your Score History
You have not taken this quiz